000 00581nam a22002417a 4500
003 UA-OsUOA
001 124765
007 ta
008 20170823b un ||||| |||| 00| 0 ukr d
100 _aЦілуйко І.
090 _a821.161.2
_bЦ75
942 _cBK
040 _aUA-OsUOA
_bukr
_cUA-OsUOA
_dUA-OsUOA
245 _aМушля
300 _a72 с.
955 _a3
041 _aukr
080 _a821.161.2
020 _a978-966-171-186-9
260 _aК.
_c2009
650 7 _a82 Література. Літературознавство
_2UDC
999 _c411935
_d411935